000 00833cam a22002415a 4500
001 11776906
005 20160229094242.0
008 990818s1999 nyu eng
010 _a 99091072
020 _a0449227545 (paperback)
040 _aDLC
_beng
_cDLC
_dDLC
042 _apcc
100 1 _aFollett, Ken.
_d1999
245 1 4 _aThe hammer of Eden:
_cKen, Follett.
250 _a1st ed.
260 _aNew York:
_bFawcett Crest,
_c1999.
300 _a436 p. :
_c18 cm
856 4 2 _3Contributor biographical information
_uhttp://www.loc.gov/catdir/bios/random0510/99091072.html
856 4 2 _3Publisher description
_uhttp://www.loc.gov/catdir/description/random048/99091072.html
906 _a0
_bibc
_corignew
_d2
_eepcn
_f19
_gy-gencatlg
942 _2lcc
_cBOOKS
_hPR6056.O45 1999
999 _c7601
_d7601